Study on PAH degrading bacteria isolated from dioxin contaminated soil in Viet Nam /
Αποθηκεύτηκε σε:
| Κύριος συγγραφέας: | |
|---|---|
| Άλλοι συγγραφείς: | , , |
| Μορφή: | Άρθρο |
| Γλώσσα: | Vietnamese |
| Θέματα: | |
| Ετικέτες: |
Προσθήκη ετικέτας
Δεν υπάρχουν, Καταχωρήστε ετικέτα πρώτοι!
|
| Thư viện lưu trữ: | Thư viện Trường Đại học Đà Lạt |
|---|
| LEADER | 00998nam a2200325 4500 | ||
|---|---|---|---|
| 001 | DLU120144852 | ||
| 005 | ##20121217 | ||
| 040 | # | # | |a DLU |b vie |
| 041 | # | # | |a vie |
| 044 | # | # | |a vn |
| 100 | # | # | |a Nguyen Hong Minh. |
| 245 | # | # | |a Study on PAH degrading bacteria isolated from dioxin contaminated soil in Viet Nam / |c Nguyen Hong Minh, Nguyen Thi Hanh, Duong Van Hop, Dinh Thuy Hang. |
| 653 | # | # | |a 16s rADN |
| 653 | # | # | |a ARDRA |
| 653 | # | # | |a Carbazol |
| 653 | # | # | |a Nhiễm dioxin |
| 653 | # | # | |a Vi khuẩn phân hủy PAH |
| 700 | # | # | |a Dinh Thuy Hang. |
| 700 | # | # | |a Duong Van Hop. |
| 700 | # | # | |a Nguyen Thi Hanh. |
| 773 | # | # | |t Tạp chí Khoa học Tự nhiên và Công nghệ |g Số 1(26), 2010, tr. 27-35 |
| 920 | # | # | |a Phòng Tạp chí -- Trung tâm Thông tin - Thư viện Trường Đại học Đà Lạt |
| 994 | # | # | |a DLU |
| 900 | # | # | |a True |
| 911 | # | # | |a Nguyễn Thị Linh Chi |
| 925 | # | # | |a G |
| 926 | # | # | |a A |
| 927 | # | # | |a BB |
| 980 | # | # | |a Thư viện Trường Đại học Đà Lạt |